000 00886cam a22002897a 4500
003 CHAP
005 20220329135801.0
008 971013s1968 r 00010 d
010 _a42063
011 _a43035
035 _a47165
040 _cCHAP
090 _aFolleto 5250
110 _aE.U.A. Department of Agriculture
_934876
245 1 3 _aEl control de la enfermedad aparente del durazno
260 _aMéxico, D. F. :
_bCentro Regional de Ayuda Técnica,
_c1968
300 _as.p.
_b: ilus.
490 0 _aProspect
_v; 515
590 _aBATCH-UPD
_b10
_c20130109
_lUCH01
_h2322
590 _aBATCH-UPD
_b10
_c20130110
_lUCH01
_h2324
590 _aCONVERSION
_b10
_c20130109
_lUCH01
_h1323
650 1 4 _aDurazno
_xEnfermedades por virus.
_934596
830 0 _aProspect
_v; 515
_992430
901 _aBK
942 _cFOLL
949 _aFolleto 5250
_bBC
_cFOLL
_d-107256
_eTS1
_i47165
_si
999 _c42063
_d42063